[Event "Brighton International 3rd"]
[Site "Brighton"]
[Date "1981.12.13"]
[Round "1"]
[White "Sigurjonsson, Gudmundur"]
[Black "Burger, Karl"]
[Result "1/2-1/2"]
[WhiteElo "2435"]
[BlackElo "2405"]
[PlyCount "40"]
[EventDate "1981.12.13"]
[EventType "tourn"]
[EventRounds "9"]
[EventCountry "ENG"]
[EventCategory "8"]
[SourceTitle "BritBase"]
[SourceDate "1999.11.01"]
[SourceVersionDate "1999.11.01"]
[SourceQuality "1"]

1. e4 c6 2. d4 d5 3. Nd2 dxe4 4. Nxe4 Bf5 5. Nc5 Qc7 6. Bd3 Bxd3 7. Nxd3 Nd7 8.
Nf3 e6 9. O-O Ngf6 10. Re1 Be7 11. c4 O-O 12. Bf4 Bd6 13. Nfe5 Rfd8 14. Qf3 Nf8
15. Rad1 Ng6 16. Bg3 Qa5 17. a3 Bxe5 18. dxe5 Nh5 19. Qxh5 Rxd3 20. Qe2 Rad8
1/2-1/2

[Event "Brighton International 3rd"]
[Site "Brighton"]
[Date "1981.12.13"]
[Round "1"]
[White "Taulbut, Shaun M"]
[Black "Westerinen, Heikki MJ"]
[Result "1-0"]
[WhiteElo "2380"]
[BlackElo "2420"]
[PlyCount "53"]
[EventDate "1981.12.13"]
[EventType "tourn"]
[EventRounds "9"]
[EventCountry "ENG"]
[EventCategory "8"]
[SourceTitle "BritBase"]
[SourceDate "1999.11.01"]
[SourceVersionDate "1999.11.01"]
[SourceQuality "1"]

1. e4 e5 2. Bc4 Nf6 3. d3 c6 4. Nf3 d5 5. Bb3 dxe4 6. Ng5 Bc5 7. Nxf7 Qb6 8.
O-O Ng4 9. Nc3 Rf8 10. Nxe4 Rxf7 11. Bxf7+ Kxf7 12. h3 Nf6 13. Nxf6 Kxf6 14.
Qh5 h6 15. Kh1 Be6 16. f4 Ke7 17. Qxe5 Bd4 18. Qe2 g6 19. f5 gxf5 20. Bxh6 Na6
21. c3 Bh8 22. Rae1 c5 23. Qh5 Kd7 24. Rxf5 Bg8 25. Rf7+ Kd8 26. Qh4+ Kc8 27.
Rf8+ 1-0

[Event "Brighton International 3rd"]
[Site "Brighton"]
[Date "1981.12.14"]
[Round "2"]
[White "Burger, Karl"]
[Black "Tisdall, Jonathan D"]
[Result "1/2-1/2"]
[WhiteElo "2405"]
[BlackElo "2410"]
[PlyCount "55"]
[EventDate "1981.12.13"]
[EventType "tourn"]
[EventRounds "9"]
[EventCountry "ENG"]
[EventCategory "8"]
[SourceTitle "BritBase"]
[SourceDate "1999.11.01"]
[SourceVersionDate "1999.11.01"]
[SourceQuality "1"]

1. d4 Nf6 2. Nf3 e6 3. c4 c5 4. d5 exd5 5. cxd5 d6 6. Nc3 g6 7. e4 Bg7 8. Be2
O-O 9. O-O Re8 10. Nd2 a6 11. a4 Nbd7 12. Ra3 b6 13. Qc2 Rb8 14. Nc4 Ne5 15.
Nxe5 Rxe5 16. h3 Re7 17. Bd3 Qc7 18. Qe2 Bb7 19. Bg5 h6 20. Bxf6 Bxf6 21. Bxa6
Bxc3 22. bxc3 Bxd5 23. f3 Bc6 24. Qd3 Ra8 25. Rb1 d5 26. exd5 Rd7 27. Bc4 Qd8
28. Rd1 1/2-1/2

[Event "Brighton International 3rd"]
[Site "Brighton"]
[Date "1981.12.14"]
[Round "2"]
[White "Chandler, Murray G"]
[Black "Taulbut, Shaun M"]
[Result "1/2-1/2"]
[WhiteElo "2455"]
[BlackElo "2380"]
[PlyCount "53"]
[EventDate "1981.12.13"]
[EventType "tourn"]
[EventRounds "9"]
[EventCountry "ENG"]
[EventCategory "8"]
[SourceTitle "BritBase"]
[SourceDate "1999.11.01"]
[SourceVersionDate "1999.11.01"]
[SourceQuality "1"]

1. e4 e5 2. Nf3 Nc6 3. Bc4 Nf6 4. d3 Be7 5. Nbd2 O-O 6. c3 d6 7. Bb3 Na5 8. Bc2
c5 9. Nc4 b5 10. Ne3 h6 11. O-O Re8 12. h3 Bf8 13. Nh2 d5 14. Qf3 Bb7 15. Nf5
Re6 16. Ng4 c4 17. dxc4 Nxc4 18. Rd1 Nxe4 19. Ngxh6+ gxh6 20. Bxe4 dxe4 21.
Qg4+ Rg6 22. Rxd8 Rxd8 23. Qe2 e3 24. Bxe3 Bxg2 25. Ng3 Bxh3 26. Kh2 Bg4 27. f3
1/2-1/2

[Event "Brighton International 3rd"]
[Site "Brighton"]
[Date "1981.12.14"]
[Round "2"]
[White "Westerinen, Heikki MJ"]
[Black "Arnason, Jon Loftur"]
[Result "1-0"]
[WhiteElo "2420"]
[BlackElo "2450"]
[PlyCount "85"]
[EventDate "1981.12.13"]
[EventType "tourn"]
[EventRounds "9"]
[EventCountry "ENG"]
[EventCategory "8"]
[SourceTitle "BritBase"]
[SourceDate "1999.11.01"]
[SourceVersionDate "1999.11.01"]
[SourceQuality "1"]

1. e4 c5 2. f4 g6 3. d4 cxd4 4. Qxd4 Nf6 5. e5 Nc6 6. Qd3 Nh5 7. Be2 d6 8. Bxh5
Bf5 9. Qb3 gxh5 10. Nf3 Qd7 11. O-O e6 12. Na3 O-O-O 13. Be3 dxe5 14. Nb5 b6
15. Nxe5 Nxe5 16. fxe5 Kb8 17. Rad1 Qxd1 18. Nxa7 Bc5 19. Bxc5 Qd5 20. Qxb6+
Qb7 21. Nc6+ Kc8 22. Ne7+ Kb8 23. Bd6+ Ka8 24. Qa5+ Qa7+ 25. Qxa7+ Kxa7 26.
Nxf5 exf5 27. Rxf5 Rd7 28. c4 Kb7 29. Kf2 Rg8 30. a4 Rg4 31. b3 Rd4 32. Ke3 Rg4
33. Rxh5 f6 34. g3 fxe5 35. Bxe5 Kc6 36. h3 Rg6 37. b4 Rb7 38. b5+ Kc5 39. Bc7+
Kxc4 40. b6 Rg7 41. a5 Rbxc7 42. bxc7 Rxc7 43. g4 1-0

[Event "Brighton International 3rd"]
[Site "Brighton"]
[Date "1981.12.15"]
[Round "3"]
[White "Sigurjonsson, Gudmundur"]
[Black "Westerinen, Heikki MJ"]
[Result "1/2-1/2"]
[WhiteElo "2435"]
[BlackElo "2420"]
[PlyCount "34"]
[EventDate "1981.12.13"]
[EventType "tourn"]
[EventRounds "9"]
[EventCountry "ENG"]
[EventCategory "8"]
[SourceTitle "BritBase"]
[SourceDate "1999.11.01"]
[SourceVersionDate "1999.11.01"]
[SourceQuality "1"]

1. e4 e5 2. Nf3 Nc6 3. Bb5 a6 4. Ba4 d6 5. O-O Bd7 6. d4 Be7 7. d5 Nb8 8. c4 h6
9. Nc3 Bg5 10. c5 Bxc1 11. Rxc1 Ne7 12. b4 O-O 13. Nd2 a5 14. a3 axb4 15. axb4
Bxa4 16. Nxa4 f5 17. f3 Nd7 1/2-1/2

[Event "Brighton International 3rd"]
[Site "Brighton"]
[Date "1981.12.16"]
[Round "4"]
[White "Chandler, Murray G"]
[Black "Sigurjonsson, Gudmundur"]
[Result "1/2-1/2"]
[WhiteElo "2455"]
[BlackElo "2435"]
[PlyCount "31"]
[EventDate "1981.12.13"]
[EventType "tourn"]
[EventRounds "9"]
[EventCountry "ENG"]
[EventCategory "8"]
[SourceTitle "BritBase"]
[SourceDate "1999.11.01"]
[SourceVersionDate "1999.11.01"]
[SourceQuality "1"]

1. e4 c5 2. c3 d5 3. exd5 Qxd5 4. d4 Nf6 5. Nf3 Bg4 6. Be2 e6 7. h3 Bh5 8. O-O
Nc6 9. Be3 cxd4 10. cxd4 Be7 11. Nc3 Qd6 12. Qd2 O-O 13. Rfd1 Rfd8 14. Rac1
Rac8 15. a3 Qb8 16. Qe1 1/2-1/2

[Event "Brighton International 3rd"]
[Site "Brighton"]
[Date "1981.12.16"]
[Round "4"]
[White "Taulbut, Shaun M"]
[Black "Arnason, Jon Loftur"]
[Result "0-1"]
[WhiteElo "2380"]
[BlackElo "2450"]
[PlyCount "128"]
[EventDate "1981.12.13"]
[EventType "tourn"]
[EventRounds "9"]
[EventCountry "ENG"]
[EventCategory "8"]
[SourceTitle "BritBase"]
[SourceDate "1999.11.01"]
[SourceVersionDate "1999.11.01"]
[SourceQuality "1"]

1. e4 c5 2. Nf3 e6 3. b4 cxb4 4. d4 b6 5. c4 d5 6. cxd5 exd5 7. e5 Ne7 8. Bd3
Nbc6 9. O-O Bf5 10. a3 Qd7 11. Re1 h6 12. axb4 Bxd3 13. Qxd3 Nxb4 14. Qb3 Nec6
15. Ba3 Rc8 16. Nbd2 Be7 17. Nf1 O-O 18. Ne3 Na5 19. Qb1 Nbc6 20. Bc1 f5 21. e6
Qxe6 22. Nc4 Qf6 23. Nce5 Rfd8 24. Bd2 Bf8 25. Qb5 Nxe5 26. dxe5 Qc6 27. Qd3
Qc2 28. Qxc2 Rxc2 29. Bxa5 bxa5 30. Nd4 Rc4 31. Ne6 Re8 32. Nxf8 Kxf8 33. Rxa5
Rxe5 34. Kf1 Rxe1+ 35. Kxe1 Rd4 36. Rxa7 Re4+ 37. Kd2 Re7 38. Ra5 Rd7 39. Kd3
Ke7 40. Kd4 Ke6 41. Ra6+ Rd6 42. Ra7 g6 43. Ra8 Rb6 44. Re8+ Kf6 45. Re2 Rb5
46. Ra2 f4 47. f3 Kf5 48. Re2 g5 49. h3 Kg6 50. h4 Kh5 51. hxg5 hxg5 52. Ke5
Kh4 53. Kf6 d4 54. Rd2 Kg3 55. Kg6 Rd5 56. Kf6 Rc5 57. Kg6 g4 58. fxg4 Kxg4 59.
Kf6 d3 60. Rxd3 Rc2 61. Rd8 Rxg2 62. Rg8+ Kh3 63. Rh8+ Kg3 64. Rg8+ Kh2 0-1

[Event "Brighton International 3rd"]
[Site "Brighton"]
[Date "1981.12.16"]
[Round "4"]
[White "Westerinen, Heikki MJ"]
[Black "Tisdall, Jonathan D"]
[Result "0-1"]
[WhiteElo "2420"]
[BlackElo "2410"]
[PlyCount "68"]
[EventDate "1981.12.13"]
[EventType "tourn"]
[EventRounds "9"]
[EventCountry "ENG"]
[EventCategory "8"]
[SourceTitle "BritBase"]
[SourceDate "1999.11.01"]
[SourceVersionDate "1999.11.01"]
[SourceQuality "1"]

1. e4 c5 2. Nf3 e6 3. b3 b6 4. Bd3 Bb7 5. O-O Nc6 6. c3 Nge7 7. Re1 Ng6 8. Bf1
d5 9. e5 d4 10. Bb2 Be7 11. cxd4 cxd4 12. Na3 O-O 13. Nb5 Bc5 14. a3 a6 15. b4
axb5 16. bxc5 bxc5 17. Bxb5 Qb6 18. a4 Na7 19. Rb1 Nxb5 20. Ba3 Ra5 21. Rxb5
Rxb5 22. axb5 Qxb5 23. Ng5 h6 24. Nh3 Ra8 25. Bc1 Qd3 26. f3 Nh4 27. Nf4 Qf5
28. d3 Ra2 29. Re2 Nxf3+ 30. gxf3 Bxf3 31. h3 Qg5+ 32. Kf2 Bxe2 33. Nxe2 Qxe5
34. Ke1 Qh2 0-1

[Event "Brighton International 3rd"]
[Site "Brighton"]
[Date "1981.12.17"]
[Round "5"]
[White "Sigurjonsson, Gudmundur"]
[Black "Taulbut, Shaun M"]
[Result "0-1"]
[WhiteElo "2435"]
[BlackElo "2380"]
[PlyCount "44"]
[EventDate "1981.12.13"]
[EventType "tourn"]
[EventRounds "9"]
[EventCountry "ENG"]
[EventCategory "8"]
[SourceTitle "BritBase"]
[SourceDate "1999.11.01"]
[SourceVersionDate "1999.11.01"]
[SourceQuality "1"]

1. e4 e5 2. Nf3 Nc6 3. Bb5 Nf6 4. O-O Bc5 5. Nxe5 Nxe5 6. d4 c6 7. dxe5 Nxe4 8.
Bd3 d5 9. exd6 Nf6 10. Bg5 Bxd6 11. Re1+ Be6 12. Nc3 Qc7 13. Bxf6 gxf6 14. Qh5
O-O-O 15. Ne4 Bb4 16. Re2 Qf4 17. g3 Rhg8 18. Re3 f5 19. Nf6 Rg5 20. Qe2 Bc5
21. Nh5 Qd6 22. h4 Rxh5 0-1

[Event "Brighton International 3rd"]
[Site "Brighton"]
[Date "1981.12.17"]
[Round "5"]
[White "Tisdall, Jonathan D"]
[Black "Chandler, Murray G"]
[Result "1/2-1/2"]
[WhiteElo "2410"]
[BlackElo "2455"]
[PlyCount "83"]
[EventDate "1981.12.13"]
[EventType "tourn"]
[EventRounds "9"]
[EventCountry "ENG"]
[EventCategory "8"]
[SourceTitle "BritBase"]
[SourceDate "1999.11.01"]
[SourceVersionDate "1999.11.01"]
[SourceQuality "1"]

1. e4 c6 2. d4 d5 3. Nd2 dxe4 4. Nxe4 Nf6 5. Nxf6+ exf6 6. c3 Bd6 7. Bd3 O-O 8.
Qc2 Re8+ 9. Ne2 g6 10. h4 Nd7 11. h5 Nf8 12. Bh6 f5 13. O-O-O Qf6 14. hxg6 hxg6
15. Qd2 Be6 16. Bg5 Qg7 17. Bh6 Qf6 18. Bg5 Qg7 19. Ng3 Bxa2 20. Rh4 Ne6 21.
Bh6 Qf6 22. Rdh1 Bd5 23. f4 c5 24. c4 Nxd4 25. Bg5 Qg7 26. Rh8+ Qxh8 27. Rxh8+
Kxh8 28. Bf6+ Kg8 29. Bxd4 cxd4 30. cxd5 Rac8+ 31. Kb1 Rc5 32. Ne2 Rxd5 33. Bc4
d3 34. Bxd3 a5 35. Qc2 Bb4 36. Qa4 Re3 37. Bc4 b5 38. Bxb5 Rd2 39. Bc4 Rexe2
40. Bxe2 Rxe2 41. Qc6 Re4 42. Qc7 1/2-1/2

[Event "Brighton International 3rd"]
[Site "Brighton"]
[Date "1981.12.18"]
[Round "6"]
[White "Arnason, Jon Loftur"]
[Black "Sigurjonsson, Gudmundur"]
[Result "1/2-1/2"]
[WhiteElo "2450"]
[BlackElo "2435"]
[PlyCount "35"]
[EventDate "1981.12.13"]
[EventType "tourn"]
[EventRounds "9"]
[EventCountry "ENG"]
[EventCategory "8"]
[SourceTitle "BritBase"]
[SourceDate "1999.11.01"]
[SourceVersionDate "1999.11.01"]
[SourceQuality "1"]

1. e4 e5 2. Nf3 Nc6 3. Bb5 a6 4. Ba4 Nf6 5. O-O Be7 6. Re1 b5 7. Bb3 d6 8. c3
O-O 9. h3 Na5 10. Bc2 c5 11. d4 Qc7 12. Nbd2 cxd4 13. cxd4 Nc6 14. Nb3 a5 15.
Be3 a4 16. Nbd2 Nb4 17. Bb1 Bd7 18. a3 1/2-1/2

[Event "Brighton International 3rd"]
[Site "Brighton"]
[Date "1981.12.18"]
[Round "6"]
[White "Westerinen, Heikki MJ"]
[Black "Burger, Karl"]
[Result "1-0"]
[WhiteElo "2420"]
[BlackElo "2405"]
[PlyCount "81"]
[EventDate "1981.12.13"]
[EventType "tourn"]
[EventRounds "9"]
[EventCountry "ENG"]
[EventCategory "8"]
[SourceTitle "BritBase"]
[SourceDate "1999.11.01"]
[SourceVersionDate "1999.11.01"]
[SourceQuality "1"]

1. e4 c5 2. f4 d5 3. exd5 Nf6 4. Bb5+ Nbd7 5. c4 a6 6. Bxd7+ Bxd7 7. d4 Bg4 8.
Nf3 cxd4 9. O-O e6 10. dxe6 Bxe6 11. Re1 Be7 12. b3 O-O 13. h3 Bc5 14. Kh2 Qd6
15. Ne5 Rfe8 16. Nd2 Bb4 17. Bb2 Rad8 18. a3 Bc3 19. Bxc3 dxc3 20. Ndf3 Qxd1
21. Rexd1 Rxd1 22. Rxd1 Ne4 23. Rc1 f6 24. Ng4 Rd8 25. Kg1 b5 26. cxb5 axb5 27.
Nf2 Ng3 28. Kh2 Ne2 29. Rc2 Bxb3 30. Rxe2 c2 31. Re1 Rd1 32. Rxd1 cxd1=Q 33.
Nxd1 Bxd1 34. Nd4 Ba4 35. Kg3 Kf7 36. Kf3 Ke7 37. Ke4 Kd6 38. Nf5+ Kc5 39. Nxg7
Kc4 40. Kf5 Kb3 41. Kxf6 1-0

[Event "Brighton International 3rd"]
[Site "Brighton"]
[Date "1981.12.19"]
[Round "7"]
[White "Tisdall, Jonathan D"]
[Black "Arnason, Jon Loftur"]
[Result "1/2-1/2"]
[WhiteElo "2410"]
[BlackElo "2450"]
[PlyCount "50"]
[EventDate "1981.12.13"]
[EventType "tourn"]
[EventRounds "9"]
[EventCountry "ENG"]
[EventCategory "8"]
[SourceTitle "BritBase"]
[SourceDate "1999.11.01"]
[SourceVersionDate "1999.11.01"]
[SourceQuality "1"]

1. d4 Nf6 2. c4 e6 3. Nf3 c5 4. d5 exd5 5. cxd5 d6 6. Nc3 g6 7. Nd2 Bg7 8. e4
O-O 9. Be2 Re8 10. O-O Nbd7 11. a4 a6 12. Ra3 Ne5 13. h3 g5 14. Nf3 Nxf3+ 15.
Bxf3 h6 16. Qc2 b6 17. Ne2 Bd7 18. Ng3 b5 19. axb5 axb5 20. Rxa8 Qxa8 21. b3 c4
22. bxc4 Rc8 23. Bb2 Rxc4 24. Qe2 Qc8 25. Qe1 Rc2 1/2-1/2

[Event "Brighton International 3rd"]
[Site "Brighton"]
[Date "1981.12.20"]
[Round "8"]
[White "Taulbut, Shaun M"]
[Black "Burger, Karl"]
[Result "1/2-1/2"]
[WhiteElo "2380"]
[BlackElo "2405"]
[PlyCount "81"]
[EventDate "1981.12.13"]
[EventType "tourn"]
[EventRounds "9"]
[EventCountry "ENG"]
[EventCategory "8"]
[SourceTitle "BritBase"]
[SourceDate "1999.11.01"]
[SourceVersionDate "1999.11.01"]
[SourceQuality "1"]

1. e4 c6 2. d3 e5 3. g3 d5 4. Nc3 Nf6 5. Bg2 Bb4 6. Bd2 d4 7. Nb1 Qb6 8. Nf3
Nbd7 9. O-O Bxd2 10. Nbxd2 O-O 11. Nc4 Qc7 12. Nh4 b5 13. Nd2 Nc5 14. Qe2 Na4
15. Rab1 Be6 16. Nb3 Nd7 17. f4 f6 18. Nf5 Ndb6 19. fxe5 fxe5 20. Bh3 Kh8 21.
Qh5 g6 22. Qh6 Rf7 23. Bg2 Bxb3 24. axb3 gxf5 25. bxa4 f4 26. gxf4 exf4 27. Bh3
Nxa4 28. Bf5 Rg8+ 29. Kh1 c5 30. Rxf4 c4 31. Rh4 Nc5 32. Rg1 Rxg1+ 33. Kxg1 Qa5
34. Kg2 Qe1 35. Qf4 Rg7+ 36. Rg4 Qe2+ 37. Kh1 Qd1+ 38. Kg2 Qe2+ 39. Kh1 Qe1+
40. Kg2 Qe2+ 41. Kh1 1/2-1/2

[Event "Brighton International 3rd"]
[Site "Brighton"]
[Date "1981.12.21"]
[Round "9"]
[White "Burger, Karl"]
[Black "Arnason, Jon Loftur"]
[Result "0-1"]
[WhiteElo "2405"]
[BlackElo "2450"]
[PlyCount "64"]
[EventDate "1981.12.13"]
[EventType "tourn"]
[EventRounds "9"]
[EventCountry "ENG"]
[EventCategory "8"]
[SourceTitle "BritBase"]
[SourceDate "1999.11.01"]
[SourceVersionDate "1999.11.01"]
[SourceQuality "1"]

1. Nf3 c5 2. c4 Nf6 3. g3 d5 4. cxd5 Nxd5 5. d4 cxd4 6. Nxd4 e5 7. Nb5 Bb4+ 8.
Bd2 a6 9. Bxb4 Nxb4 10. Nd6+ Ke7 11. Nxc8+ Qxc8 12. Nc3 Rd8 13. Qb3 Qc4 14. Rc1
Qxb3 15. axb3 N8c6 16. Bg2 Na5 17. Na4 Rac8 18. O-O Rxc1 19. Rxc1 Rd2 20. Bf3
f5 21. Rc5 b5 22. Nc3 Kd6 23. Rc8 Rxb2 24. e4 Kd7 25. Rc5 Rc2 26. exf5 Nxb3 27.
f6 gxf6 28. Bg4+ Kd6 29. Rc8 Nc5 30. Nd1 Rc1 31. Kg2 Nc2 32. Bf5 Nd4 0-1